000
00342nam a2200145Ia 4500
008
230718s9999 xx 000 0 und d
041
_a
Eng.
082
_a
345.599
_b
SYE-T
100
_a
Syed Naveed Abbas
245
4
_a
The cort Civil Procedure
260
_a
Pakistan
_b
Punjab Law book
_c
2014
300
_a
515
650
_a
Law
999
_c
29989
_d
29989